| 000 -CABECERA |
| fixed length control field |
01194nam a22002897i 4500 |
| 003 - IDENTIFICADOR DEL NÚMERO DE CONTROL |
| control field |
AR-CdUCM |
| 008 - DATOS DE LONGITUD FIJA--INFORMACIÓN GENERAL |
| fixed length control field |
231030b ||||| |||| 00| 0 eng d |
| 020 ## - NÚMERO INTERNACIONAL ESTÁNDAR DEL LIBRO |
| ISBN |
978-612-47853-0-6 |
| 040 ## - FUENTE DE LA CATALOGACIÓN |
| Agencia/entidad que catalogó originalmente la obra |
MUNICIPALIDAD PROVINCIAL DEL CUSCO |
| Entidad que transcribió la catalogación |
BIBLIOTECA MUNICIPAL DEL CUSCO |
| 082 ## - NÚMERO DE LA CLASIFICACIÓN DECIMAL DEWEY |
| No. de Clasificación |
638.12 / C25 |
| Notacion interna |
C25 |
| 110 ## - ENTRADA PRINCIPAL--NOMBRE DE ENTIDAD CORPORATIVA |
| Nombre de la institución, jurisdicción como entrada principal |
Municipalidad Provincial Canchis |
| 9 (RLIN) |
49075 |
| 245 ## - MENCIÓN DE TÍTULO |
| Título |
Manual Técnico de Crianza de Abejas : |
| Resto del título |
Mejoramiento de capacidades técnico productivo de los productores apícolas de la Provincia de Canchis / |
| 260 ## - PUBLICACIÓN, DISTRIBUCIÓN, ETC. |
| Lugar de publicación, distribución, etc. |
Cusco : |
| Fecha de publicación, distribución, etc. |
2018. |
| 300 ## - DESCRIPCIÓN FÍSICA |
| Nº de Páginas Extensión |
98 páginas. : |
| Dimensiones |
21cm. |
| 500 ## - NOTA GENERAL |
| Bibliografía |
Bibliográfica: página 98 |
| 505 ## - NOTA DE CONTENIDO CON FORMATO |
| Nota de contenido formateada |
Introducción a la apicultura -- Crianza de abejas -- Instalación del colmenar -- Alimentación de la abeja -- Alimentos proteicos -- Sanidad apícola -- Cosecha de productos -- Propóleos |
| 650 ## - PUNTO DE ACCESO ADICIONAL DE MATERIA--TÉRMINO DE MATERIA |
| Descriptor |
Apicultura |
| 9 (RLIN) |
26670 |
| 650 ## - PUNTO DE ACCESO ADICIONAL DE MATERIA--TÉRMINO DE MATERIA |
| Descriptor |
Productos apícolas |
| 9 (RLIN) |
49086 |
| 650 ## - PUNTO DE ACCESO ADICIONAL DE MATERIA--TÉRMINO DE MATERIA |
| Descriptor |
Enfermedades de abejas |
| 9 (RLIN) |
49087 |
| 650 ## - PUNTO DE ACCESO ADICIONAL DE MATERIA--TÉRMINO DE MATERIA |
| Descriptor |
Cosecha sostenimiento y alimentación de abejas |
| 9 (RLIN) |
49088 |
| 650 ## - PUNTO DE ACCESO ADICIONAL DE MATERIA--TÉRMINO DE MATERIA |
| Descriptor |
Abejas |
| 9 (RLIN) |
26671 |
| 650 ## - PUNTO DE ACCESO ADICIONAL DE MATERIA--TÉRMINO DE MATERIA |
| Descriptor |
Colmenar |
| 9 (RLIN) |
49089 |
| 650 ## - PUNTO DE ACCESO ADICIONAL DE MATERIA--TÉRMINO DE MATERIA |
| Descriptor |
Instalación |
| 9 (RLIN) |
49090 |
| 942 ## - ELEMENTOS DE PUNTO DE ACCESO ADICIONAL (KOHA) |
| Fuente de clasificación |
|
| Tipo de item |
Libros-BMC |
| 945 ## - PROCESAMIENTO DE INFORMACIÓN LOCAL (OCLC) |
| Catalogador |
pebm |
| AAAA-MM-DD - Fecha de ingreso o modificacion |
2023-10-30 |